000 00411nam a2200181Ia 4500
003 OSt
005 20220930190216.0
006 a|||||r|||| 00| 0
007 ta
008 220926b |||||||| |||| 00| 0 eng d
024 _a79493
037 _cTextbook
040 _aCRL
_cCRL
_beng
041 _2eng
_aeng
245 0 _aCulture education and society
942 _cTB
_2CC
999 _c891757
_d891757